000 01015nam a22002657a 4500
999 _c17562
_d17562
003 AR-CdUCM
008 190509b ||||| |||| 00| 0 spa d
040 _aMUNICIPALIDAD PROVINCIAL DEL CUSCO
_cBIBLIOTECA MUNICIPAL DEL CUSCO
041 _heng
082 _a372.47 /
_bD31
100 _aDavis, Gary A.
_937646
245 _aEstrategias para la creatividad /
260 _aBuenos Aires :
_bPaidos,
_c1975.
300 _a354 páginas ;
_c21 cm.
505 _aContenido: ¿Que es la creatividad? -- Las técnicas de la creatividad -- Investigaciones sobre la creatividad -- La persona creativa -- Percepción y actitud ...
650 _aCreatividad
_913632
650 _aEducación
_9460
650 _aPedagogía
_91560
700 _aBertorini, Alejandra (traducción)
_937647
700 _aScott, Joseph A. (coautor)
_937648
710 _aCentro Regional de Ayuda Técnica.
_910048
710 _aAgencia para el Desarrollo Internacional (A.I.D.)
_936834
942 _2ddc
_cLIBROS
945 _aachl
_d2019-05-09